A critical analysis of the right to strike in Kenya (Record no. 4049)

000 -LEADER
fixed length control field 00422nam a22001577a 4500
003 - CONTROL NUMBER IDENTIFIER
control field OSt
005 - DATE AND TIME OF LATEST TRANSACTION
control field 20181025130915.0
008 - FIXED-LENGTH DATA ELEMENTS--GENERAL INFORMATION
fixed length control field 181025b xxu||||| |||| 00| 0 eng d
050 ## - LIBRARY OF CONGRESS CALL NUMBER
Classification number HD5365.W36
100 ## - MAIN ENTRY--PERSONAL NAME
Personal name Wambui, Kabiru
Dates associated with a name 2018
245 ## - TITLE STATEMENT
Title A critical analysis of the right to strike in Kenya
Statement of responsibility, etc Kabiru Mary Wambui
260 ## - PUBLICATION, DISTRIBUTION, ETC. (IMPRINT)
Place of publication, distribution, etc Nairobi
Date of publication, distribution, etc 2018
300 ## - PHYSICAL DESCRIPTION
Extent 62p.
650 ## - SUBJECT ADDED ENTRY--TOPICAL TERM
Topical term or geographic name as entry element Constitutional rights
942 ## - ADDED ENTRY ELEMENTS (KOHA)
Source of classification or shelving scheme
Koha item type Research Project
Holdings
Withdrawn status Lost status Source of classification or shelving scheme Damaged status Not for loan Home library Current library Shelving location Date acquired Total Checkouts Full call number Barcode Date last seen Copy number Price effective from Koha item type
          Riara University Library Riara University Library Special Collection 25/10/2018   RUSC HD5365.W36 2018 10091/18 11/07/2019 C.1 25/10/2018 Research Project

Riara University Library,
P.O. Box 49940-00100,
Nairobi, Kenya.